LEADER 01065nam a2200253 i 4500 001 991003520439707536 008 180629s2012 de b 000 0 ger d 020 $a9783110278361 035 $ab14346254-39ule_inst 040 $aDip. di Studi Umanistici$bita 082 00$a808.036 245 00$aNarrativität als Begriff :$bAnalysen und Anwendungsbeispiele zwischen philologischer und anthropologischer Orientierung /$cherausgegeben von Matthias Aumüller 264 1$aBerlin :$bDe Gruyter,$cc2012 300 $aVIII, 325 p. :$bill. ;$c24 cm 490 1 $aNarratologia ;$v31 504 $aContiene riferimenti bibliografici 650 4$aRetorica 700 1 $aAumüller, Matthias$eauthor$4http://id.loc.gov/vocabulary/relators/aut$0785573 907 $a.b14346254$b02-07-18$c29-06-18 912 $a991003520439707536 945 $aLE012 808.036 AUS 01.01$g1$i2007000282335$lle007$o-$pE136.13$q-$rl$s- $t0$u0$v0$w0$x0$y.i15854553$z02-07-18 996 $aNarrativität als Begriff$91748906 997 $aUNISALENTO 998 $ale012$b29-06-18$cm$da $e-$fger$gde $h0$i0 LEADER 01810nam0 22003733i 450 001 MIL0139288 005 20231121125536.0 020 $aIT$b1947 6325 100 $a20060517d1945 ||||0itac50 ba 101 | $aita$cita 102 $ait 181 1$6z01$ai $bxxxe 182 1$6z01$an 200 1 $a˜I œpartiti politici e l'ingerenza loro nella giustizia e nell'amministrazione$fMarco Minghetti$gprefazione di Giuseppe Saragat 210 $aRoma$cAtlantica$dstampa 1945 215 $aVIII, 159 p.$d22 cm. 225 | $aCollana di cultura politica$v3 410 0$1001RML0159590$12001 $aCollana di cultura politica$v3 500 10$a˜I œpartiti politici e l'ingerenza loro nella giustizia e nell'amministrazione$3UBO4645179$9CFIV034086$93609596 606 $aPARTITI POLITICI$xITALIA$xSEC. 19.$2FIR$3IEIC109857$9I 676 $a324.204$9Relazioni dei partiti politici con lo stato e l'amministrazione pubblica$v20 700 1$aMinghetti$b, Marco$f <1818-1886>$3CFIV034086$4070$0316077 702 1$aSaragat$b, Giuseppe$3RAVV004208$4080 801 3$aIT$bIT-01$c20060517 850 $aIT-RM1248 $aIT-RM0460 $aIT-FR0017 $aIT-RM2014 899 $aBiblioteca Della Fondazione Pietro Nenni$bRM1248 899 $aBiblioteca Dell' Archivio Centrale Dello Stato$bRM0460 899 $aBiblioteca umanistica Giorgio Aprea$bFR0017 $eN 899 $aBiblioteca Italo Viglianesi$bRM2014 912 $aMIL0139288 950 0$aBiblioteca umanistica Giorgio Aprea$d 52DES 324 Min.Par.$e 52FLS0000376935 VMB RS $fA $h20150227$i20150227 977 $a 23$a 27$a 52$a 57 996 $aPartiti politici e l'ingerenza loro nella giustizia e nell'amministrazione$93609596 997 $aUNICAS